000 00507nam a2200181Ia 4500
008 240925s9999 xx 000 0 und d
020 _a71133976
082 _a004.6 TAY
100 _aTaylor, Edgar D
245 4 _aThe McGraw Hill Internet Working Handbook
250 _aNA
260 _aLondon:
_bMcGraw-Hill
_c,1995.
300 _ax,614p.
_bNA
_fInternational Edition
500 _aIncludes Index
600 _aComputer Science
650 _aComputer science, information & general works
942 _cBK
999 _c3475
_d3475